Country names by etymology (meaning) of native name - Statistics

General Stats
  • This quiz has been taken 289 times
    259 since last reset
  • The average score is 79 of 152
Answer Stats
Hint Answer % Correct
From Norse for either "northern way" or "narrow way" Norway (Norge)
98%
The Rus' people (who were actually Norsemen, not Slavs) Russia
97%
Land of ice Iceland (Island)
93%
The Franks (a Germanic tribe) France
92%
The Bulgar people (who were actually Turkic, not Slavic) Bulgaria
90%
Low land Netherlands (Nederland)
89%
The Belgae tribe of Gaul Belgium
88%
Ultimately from "Slavic people" Slovakia + Slovenia
88%
White Rus' people Belarus
86%
Black mountain Montenegro (Crna Gora)
85%
Spanish for "equator" Ecuador
81%
Spanish for "the savior" El Salvador
81%
British sea captain John Marshall Marshall Islands (not native name)
81%
Named after the Dutch province Zeeland New Zealand
81%
Romans Romania
81%
The Lao people Laos
80%
Venezuelan military and political leader Simón Bolívar Bolivia
79%
Christopher Columbus Colombia
79%
Spanish for "rich coast" Costa Rica
79%
Named after the Paraguay River (itself of uncertain etymology) Paraguay
79%
Saint Marinus San Marino
79%
Named after the Uruguay River (itself of uncertain etymology) Uruguay
79%
Italian for "made of silver" Argentina
78%
Named after the Jordan River (its own etymology is debated) Jordan
78%
Spanish for "Trinity" and "tobacco" Trinidad and Tobago
78%
The martyr Saint Lucy of Syracuse Saint Lucia
77%
An Amerindian tribe called Surinen Suriname
77%
Saint Dominic (medieval Spanish priest, founded an order of monks) Dominican Republic
76%
The Spanish city Granada Grenada
76%
King Philip II of Spain Philippines
76%
The Biblical King Solomon Solomon Islands
76%
Realm of the Svea tribe Sweden (Sverige)
76%
Combination of Tanganyika (sail in the wilderness) + Zanzibar (black shore) Tanzania
76%
Spanish for "Little Venice" Venezuela
76%
Land of Bengal Bangladesh
75%
Portuguese for "green cape" Cape Verde
75%
Land of the Magyar tribe Hungary (Magyarorszag)
75%
The origin of the sun Japan (Nippon or Nihon)
75%
Jean Moreau de Séchelles, the French minister of finance from 1754-56 Seychelles
74%
Named after the Zambezi River Zambia
73%
Land of almost Turks, alternatively pure Turks Turkmenistan
71%
Greek for "Indian islands" Indonesia
70%
Latin for "southern" Australia
69%
"East" + Malay word for "East" East Timor
69%
Land of the people who speak Sotho Lesotho
69%
From another name for the Aztecs Mexico
69%
Sanskrit honorific meaning "radiance" + "island" Sri Lanka
69%
From the native St Lawrence Iroquoian word for "village" Canada
68%
Portuguese for "Saint Thomas and the prince" São Tomé and Príncipe
68%
Spanish for "ancient" and "bearded" Antigua and Barbuda
67%
Spanish for the "bearded ones" Barbados
67%
Bosna river + the German for "duke's land" Bosnia and Herzegovina
67%
Latin for "freedom" Liberia
67%
Latin for the Berber people they called Mauri (from Greek for "black") Mauritania
67%
Land of the Tswana ethnic group Botswana
66%
Aryan (the ancient name of a people that means noble) Iran
66%
From the title "ngola" used by rulers of Ndongo Angola
65%
Land of the Kambojas (an Indo-Iranian people that lived in Kashmir) Cambodia
65%
Native pronunciation of "Gilbert" (after British sea captain Thomas Gilbert) Kiribati
65%
Spanish for "lioness mountains" Sierra Leone
65%
King Mswati II (d. 1868) Swaziland (eSwatini)
65%
Maurice of Nassau/Orange, Stadtholder of the Dutch Republic, 1585-1625 Mauritius
63%
The Spanish deacon Saint Vincent of Saragossa + the city Granada Saint Vincent and the Grenadines
63%
Latin for "Sunday" Dominica
62%
Sanskrit for "lion city" Singapore
62%
Named after the Buganda kingdom Uganda
62%
Land of the + another word for Pashtuns Afghanistan
61%
Woodland or borderland of the Dani tribe Denmark (Danmark)
61%
The native Taino name "land of high mountains" of Hispaniola Haiti
61%
Tongan pronunciation of the island name "Viti (Levu)" Fiji
60%
Greek for "small islands" Micronesia
59%
Possibly "the end of Tibet" Bhutan
56%
Latin for "Port of Cale", a Celtic settlement Portugal
56%
From Nahuatl (Aztec language) for "place of many trees" Guatemala
53%
Portuguese for "like an ember" (named for a red tree) Brazil
52%
Eastern realm Austria (Österreich)
51%
Named after the ancient and Biblical Philistines Palestine (Filastin)
51%
The first local commoner or ruler the Spanish met named Birú Peru
51%
From Chinese for "southern Yue people" (named after battle axes) Vietnam
51%
Possibly from Sanskrit for "protected by the sage Nemi" Nepal
50%
English shortening of San Cristobal + Spanish for "(our lady of the) snows" Saint Kitts and Nevis
50%
Bright stone (from the name of a castle) Liechtenstein
49%
Little castle Luxembourg (Lëtzebuerg)
49%
Possibly from the ancient city Uruk Iraq
48%
From an ancient Berber tribe (the Greeks called the continent by the name) Libya
48%
Arab trader and ruler Mussa Bin Bique (alternatively Ben Mbiki), ca. 1500 Mozambique
48%
Middle realm China (Zhōngguó)
43%
The royal dynasty + the people (which means desert nomads) Saudi Arabia
43%
Possibly "the borderland" Ukraine
42%
From Tamil for "islanders" Maldives (Dhivehi)
41%
Possibly native for "I go to the beach" Nauru
41%
Struggle with God Israel
40%
The native Taino name "land of wood and water" Jamaica
40%
Many possible Nahuatl words, eg. "the Anahuac reached this far" Nicaragua
40%
Probably from Tuareg "Egerew n-Igerewen" ("river of rivers") Niger + Nigeria
40%
Land of the pure (while also an acronym for five of the regions) Pakistan
40%
Originally from Mayan belix for "muddy-watered" for a river Belize
39%
Either from Taino for "big upper middle land" or Spanish for "low tide" The Bahamas
39%
Land of people speaking diutisc ("popular" in contrast to Latin) Germany (Deutschland)
38%
From Phoenician for "white" (as in snowy) Lebanon
38%
Arabic for "black" Sudan
38%
Possibly from Greek for a certain tree or plant Cyprus
37%
Greek for "red", as in the Red Sea Eritrea
37%
Greek for "burnt face" Ethiopia
37%
Corrupted form of "Ubinu", the capital of an empire in Nigeria Benin
35%
"Lake", named after its largest lake Chad
35%
Land of the Kartvelians Georgia (Sakartvelo)
35%
From the name "vast place" (named for a desert) Namibia
35%
Possibly native for "village" Palau
35%
Greek either for "highlanders" or "the tall ones" North Macedonia
34%
Portuguese for "shrimp" Cameroon
33%
The ancient Bharata tribe and the legendary emperor Bharata India (Bharat)
33%
Native name of uncertain origin + named after the coast of West Africa Papua New Guinea
33%
The Bamar ethnic group (alternatively the literary name for this group) Burma/Myanmar
32%
Greek for "single house" Monaco
32%
The Persian governor Athurpat (Atropates in Greek, ca. 320 BCE) Azerbaijan
30%
Arabic for "the West" Morocco (al-Maghrib)
30%
Many possible native meanings, eg. "abundance of fish" Panama
30%
South Tonga
30%
Eight standing together (meaning eight inhabited islands) Tuvalu
30%
Two words of different languages meaning "honest" + "fatherland" Burkina Faso
29%
Semitic for "frontier" (while the Greek comes from the temple of Ptah) Egypt (Masr)
29%
Amerindian for "land of many waters" Guyana
29%
Spanish for "depths" Honduras
29%
Land of the wanderers (meaning nomads) Kazakhstan
29%
Land of the forty (for forty original tribes) Kyrgyzstan
29%
Name the Portuguese used for West Africa of older uncertain origin Guinea
27%
Gets its name from medieval Europeans confusing it with Mogadishu Madagascar
26%
Possibly from Greek for "honey" Malta
26%
Great Han (which also means great, and unrelated to Han China) South Korea (Daehan or Hanguk)
26%
Land of (legendary figure) Hayk the Great Armenia (Hayastan)
25%
From the Arabic word "qamar" meaning "moon" Comoros
25%
Ultimately from the city Ashur (even though it's the wrong location) Syria
25%
"God's resting place" named for a mountain Kenya
24%
Possibly "south" or "blessed" for its fertile soil south of the desert Yemen
23%
"Large houses of stone" after a ruined city from the Middle Ages Zimbabwe
23%
Possibly from Greek rendering of Oscan word for "calf" Italy
22%
From Kambra, the original Mandinka name for the major river The Gambia
22%
The two seas Bahrain
21%
Wolof for "our boat", named for a river Senegal
21%
Possibly from the word "hippo" which became "place where the king lives" Mali
20%
Arabic for "the islands" (named for a city on the coast) Algeria (al-Jazair)
19%
"Warrior king", a title given to kings of the empire of the same name Ghana
17%
Native word for "land" or "home" with "stand" (meaning independent) Vanuatu
17%
From the Portuguese for "cloak" for the shape of the estuary Gabon
16%
Possibly from Tamil for "mountain land" Malaysia
15%
Possibly related to the Norse word "to burn" via Old High German Switzerland
13%
Land where lagoons lie Togo
13%
Possibly from Sanskrit for "seafarers" Brunei
10%
Possibly evolved from a word for "human being" Thailand
9%
Probably from Latin excipere for "understanding" Albania (Shqipëria)
8%
Morning brightness (also an ancient name for the country) North Korea (Choson or Joseon)
8%
No matching quizzes found
Score Distribution
Percent of People with Each Score
Percentile by Number Answered
Your Score History
You have not taken this quiz since the last reset